000 00497cam a22002051 4500
001 sa 66003026
003 DLC
005 20260227112233.0
008 881028s1965 xx 000 0 benr
010 _asa 66003026
035 _a(OCoLC)23548633
040 _aDLC
_cMiU
_dDLC
042 _apremarc
050 0 0 _aPK1718.G4745
_bB5
100 1 _aGhosh, Profulla Kumar,
_d1909-
245 1 0 _aBiplabī Bāṅgālī.
260 _a[n.p.
_c1965]
300 _a92 p.
_c18 cm.
500 _aRomanized.
999 _c68679
_d68679